| 000 | 00921cab a2200289 4500 | ||
|---|---|---|---|
| 001 | WB3510-07 | ||
| 008 | 090401t1999 xxu||||| |||| 00| 0 eng d | ||
| 035 | _a(Sirsi) u91959 | ||
| 041 | _aeng | ||
| 245 | _aPrime contracting can save 12% | ||
| 260 | _c1999 | ||
| 350 | _a0 | ||
| 490 |
_aBuilding _v264 (8077) 5 March 1999, 10(1) |
||
| 520 | _aThe MOD believes it can save 12% in costs over a building's first 35 years through 'prime' contracting which centralises contracts through one contractor. There are two pilot projects involving Amec and Laing. | ||
| 650 | _aAMEC | ||
| 650 | _aBUILDING DOWN BARRIERS | ||
| 650 | _aCOST REDUCTION | ||
| 650 | _aLAING | ||
| 650 | _aLIFE CYCLE COSTS | ||
| 650 | _aMINISTRY OF DEFENCE | ||
| 650 | _aMOD | ||
| 650 | _aPRIME CONTRACTING | ||
| 650 | _aPRIME CONTRACTS | ||
| 690 | _aBUILT ENVIRONMENT-BUILDING CONTRACT FORMS | ||
| 942 | _n0 | ||
| 948 | _c11/03/1999 | ||
| 999 |
_c58310 _d58310 |
||